[Event "Gorges op 18th"]
[Site "Gorges"]
[Date "2008.07.??"]
[Round "2"]
[White "Le Fol, Roland"]
[Black "Nicolas, Pierre"]
[Result "0-1"]
[WhiteElo "1630"]
[BlackElo "1410"]
[PlyCount "80"]
[EventDate "2008.07.??"]
[EventType "swiss"]
[EventRounds "7"]
[EventCountry "FRA"]
[SourceTitle "CBM 125 Extra"]
[Source "ChessBase"]
[SourceDate "2008.09.01"]
[SourceVersion "1"]
[SourceVersionDate "2008.09.01"]
[SourceQuality "1"]

1. d4 d5 2. c4 e6 3. Nc3 Nf6 4. Bg5 Be7 5. e3 0-0 6. Nf3 Nbd7 7. Rc1 b6 8. cxd5 exd5 9. Bd3 Bb7 10. Qc2 Rc8 11. 0-0 c5 12. Qb1 Qc7 13. Nb5 Qb8 14. Bf4 Qa8 15. Nc7 Rxc7 16. Bxc7 Rc8 17. Bf4 Rc6 18. Ne5 Nxe5 19. Bxe5 h6 20. Bf5 c4 21. a3 a5 22. Rc3 b5 23. f3 b4 24. Rc2 bxa3 25. Qa1 axb2 26. Qxb2 Bb4 27. Bg3 Ba6 28. Ra1 c3 29. Qc1 g6 30. Bh3 Bd3 31. Rca2 c2 32. Be1 Qb7 33. Bxb4 axb4 34. Rb2 b3 35. g3 Qb5 36. Ra8+ Kg7 37. Rc8 Rxc8 38. Bxc8 Qc4 39. Bh3 Be2 40. Kf2 Qd3 0-1

[Event "Rohde op 06th"]
[Site "Sautron"]
[Date "2006.10.28"]
[Round "1"]
[White "Le Fol, Roland"]
[Black "Le Pen, Steven"]
[Result "0-1"]
[WhiteElo "1540"]
[BlackElo "1330"]
[PlyCount "28"]
[EventDate "2006.10.28"]
[EventType "swiss"]
[EventRounds "9"]
[EventCountry "FRA"]
[SourceTitle "EXT 2007"]
[Source "ChessBase"]
[SourceDate "2006.11.23"]
[SourceVersion "1"]
[SourceVersionDate "2006.11.23"]
[SourceQuality "1"]

1. d4 Nf6 2. c4 e5 3. dxe5 Ng4 4. Nf3 Nc6 5. e3 Ngxe5 6. Nbd2 d5 7. b3 Qf6 8. Rb1 Bf5 9. e4 dxe4 10. Nxe5 Qxe5 11. Bb2 Qa5 12. Ra1 0-0-0 13. Qc1 Bb4 14. Be2 Bxd2+ 0-1